000 00599nam a2200205Ia 4500
001 7563
003 GE_BSU
008 181216s||||||||xx |||||||||||||| ||und||
040 _cGE_BSU
245 _aТурбизнес=Travel trade russia №7\285 2013.
245 _bОтдых в России.
245 _cгл.ред.Иван Калашников и др.
260 _aМосква.
260 _c2013.
300 _a67ст,26см.
653 _aПериодика
653 _aТурбизнес=Travel trade russia №7\285 2013.
653 _aპერიოდიკა
942 _cCR
999 _c40918
_d40918